On This Day: October 17th II Quiz Stats

 Plays Quiz Updated Oct 17, 2018

Score 0/7 Timer 03:00
1 Play Today
Question Answer Wrong Answers
This American playwright, author of 'The Crucible' and 'Death of a Salesman,' is born.
1915
Arthur Miller
89.2%
David Mamet
1.4%
Neil Simon
3.6%
Eugene O'Neill
5.6%
This musical, known for 'Aquarius/Let the Sunshine In,' premiers on Broadway.
1967
Hair
85.6%
A Chorus Line
8%
Wicked
2.9%
Grease
2.8%
An earthquake kills 67 and postpones the third game of this sporting event.
1989
World Series
84.3%
Stanley Cup Finals
4.6%
NBA Championship
2.8%
Super Bowl
7.3%
British General Charles Cornwallis surrenders in this Virginia town, effectively ending the American Revolution.
1781
Yorktown
66.7%
Williamsburg
13.6%
Roanoke
3.9%
Richmond
15.8%
A 101 story tower opens in the capital of this Asian country, temporarily becoming the world's tallest building.
2003
Taiwan
66.2%
India
4.8%
China
15.4%
Japan
12.6%
The Decatur Staleys, now known by this name, play their first NFL game.
1920
Chicago Bears
62.8%
Minnesota Vikings
13.9%
San Francisco 49ers
9.5%
Philadelphia Eagles
13.4%
This Frenchman, author of 'The Stranger,' is awarded the Nobel Prize in Literature.
1957
Albert Camus
56.1%
Jules Verne
5.7%
Jean-Paul Sartre
23.1%
Victor Hugo
14.4%

You're not logged in!

Compare scores with friends on all Sporcle quizzes.
OR
Log In

Sporcle TV

Today on Sporcle TV


Watch our educational content, quiz creation guides, and fun videos on Sporcle TV.

Show Comments

Extras

Top Quizzes Today


Score Distribution

Your Account Isn't Verified!

In order to create a playlist on Sporcle, you need to verify the email address you used during registration. Go to your Sporcle Settings to finish the process.

Report this User

Report this user for behavior that violates our Community Guidelines.

Details: